Top 10 Green Day Songs of All-Time - Statistics

General Stats
  • This quiz has been taken 2,549 times
  • The average score is 8 of 10
Answer Stats
Album Answer First Line % Correct
American Idiot American Idiot Don't want to be an American Idiot.
99%
American Idiot Boulevard of Broken Dreams I walk a lonely road.
94%
Dookie Basket Case Do you have the time to listen to me whine?
93%
American Idiot Wake Me Up When September Ends Summer has come and past.
93%
21st Century Breakdown 21 Guns Do you know what's worth fighting for?
85%
Nimrod Good Riddance (Time of your Life) Another turning point, a fork stuck in the road.
84%
American Idiot Holiday Hear the sound of the falling rain.
79%
Dookie When I Come Around I heard you crying loud.
73%
Insomniac Brain Stew/Jaded I'm having trouble trying to sleep.
67%
Dookie Longview I sit around and watch the tube.
64%
No matching quizzes found
Score Distribution
Percent of People with Each Score
Percentile by Number Answered
Your Score History
You have not taken this quiz